Giáo trình điện dân dụng và công nghiệp

Wedi'i Gadw mewn:
Manylion Llyfryddiaeth
Prif Awdur: Vũ Văn Tẩm
Fformat: Llyfr
Iaith:Undetermined
Cyhoeddwyd: H. Giáo dục 2003
Pynciau:
Tagiau: Ychwanegu Tag
Dim Tagiau, Byddwch y cyntaf i dagio'r cofnod hwn!
Thư viện lưu trữ: Trung tâm Học liệu Trường Đại học Cần Thơ
LEADER 00565nam a2200205Ia 4500
001 CTU_60184
008 210402s9999 xx 000 0 und d
020 |b 16400 
082 |a 621.3192 
082 |b T120 
100 |a Vũ Văn Tẩm 
245 0 |a Giáo trình điện dân dụng và công nghiệp 
245 0 |c Vũ Văn Tẩm 
260 |a H. 
260 |b Giáo dục 
260 |c 2003 
650 |a electric engineering 
650 |x equipment and supplies 
904 |i Minh 
980 |a Trung tâm Học liệu Trường Đại học Cần Thơ